Central Library OPAC University of Rajshahi

আমার পশু বন্ধুরা / (Record no. 49200)

MARC details
000 -LEADER
fixed length control field 00899nam a2200229 a 4500
001 - CONTROL NUMBER
control field 49200
003 - CONTROL NUMBER IDENTIFIER
rucl marc code BD-RjUL
005 - DATE AND TIME OF LATEST TRANSACTION
control field 20211209054641.0
008 - FIXED-LENGTH DATA ELEMENTS--GENERAL INFORMATION
fixed length control field 160919s1967 ru a|||| |||| 00| 0 ben d
035 ## - SYSTEM CONTROL NUMBER
System control number (BD-RjUL) 49319
040 ## - CATALOGING SOURCE
Original cataloging agency BD-RjUL
Language of cataloging ben
Transcribing agency BD-RjUL
041 ## - LANGUAGE CODE
Language code of text/sound track or separate title ben
082 ## - DEWEY DECIMAL CLASSIFICATION NUMBER
Edition number 23
Classification number 791.32
Author mark and year EDA 1967
100 ## - MAIN ENTRY--PERSONAL NAME
Personal name এদের, বরিস
9 (RLIN) 156708
245 10 - TITLE STATEMENT
Title আমার পশু বন্ধুরা /
Statement of responsibility, etc. বরিস এদের, ফল্গু কর অনূদিত
260 ## - PUBLICATION, DISTRIBUTION, ETC. (IMPRINT)
Place of publication, distribution, etc. মস্কো :
Name of publisher, distributor, etc. বিদেশী ভাষায় সাহিত্য প্রকাশালয়,
Date of publication, distribution, etc. ১৯৬৭
300 ## - PHYSICAL DESCRIPTION
Pagination ১১৪ পৃ. :
Illustrations চিত্র ;
Size ১৯ সেমি.
650 ## - SUBJECT ADDED ENTRY--TOPICAL TERM
Topical term or geographic name as entry element সার্কাস
9 (RLIN) 156709
Topical term or geographic name as entry element Annimal performance
Form subdivision Circuses
9 (RLIN) 156710
700 ## - ADDED ENTRY--PERSONAL NAME
Personal name কর, ফল্গু অনূদিত
942 ## - ADDED ENTRY ELEMENTS (KOHA)
Source of classification or shelving scheme Dewey Decimal Classification
Koha item type Books
Holdings
Lost status Source of classification or shelving scheme Damaged status Not for loan Collection code Permanent Location Current Location Shelving location Date acquired Source of acquisition Cost, normal purchase price Total Checkouts Full call number Date last seen Copy number Koha item type
  Dewey Decimal Classification     Non-fiction Central Library, University of Rajshahi Central Library, University of Rajshahi   26/01/1967 Porishod 1.25   B 791.32 EDA 1967 19/09/2016 C-2 Books
  Dewey Decimal Classification   Not For Loan Non-fiction Central Library, University of Rajshahi Central Library, University of Rajshahi Reading Room 26/01/1967 Nowrose kitabitan, Dacca. 1.25   B 791.32 EDA 1967 09/03/2017 C-1 Books